Standard electronics questions and answers Industrial applications
Contents: Oscillators, special circuits, transducers and sensors, control systems,...
Kaydedildi:
| Yazar: | |
|---|---|
| Materyal Türü: | Kitap |
| Dil: | Undetermined |
| Baskı/Yayın Bilgisi: |
New York
McGraw-Hill
1964
|
| Konular: | |
| Etiketler: |
Etiketle
Etiket eklenmemiş, İlk siz ekleyin!
|
| Thư viện lưu trữ: | Trung tâm Học liệu Trường Đại học Cần Thơ |
|---|
| LEADER | 00766nam a2200217Ia 4500 | ||
|---|---|---|---|
| 001 | CTU_14177 | ||
| 008 | 210402s9999 xx 000 0 und d | ||
| 082 | |a 621.381076 | ||
| 082 | |b E48/Vol.2 | ||
| 100 | |a Elonka, Stephen Michael | ||
| 245 | 0 | |a Standard electronics questions and answers | |
| 245 | 0 | |b Industrial applications | |
| 245 | 0 | |c Michael Elonka | |
| 260 | |a New York | ||
| 260 | |b McGraw-Hill | ||
| 260 | |c 1964 | ||
| 520 | |a Contents: Oscillators, special circuits, transducers and sensors, control systems,... | ||
| 650 | |a Electronics,Thiết bị điện tử | ||
| 650 | |x Problems, exercises, etc,Câu hỏi và bài tập | ||
| 904 | |i Nguyễn Quang Điền, 961230 | ||
| 980 | |a Trung tâm Học liệu Trường Đại học Cần Thơ | ||